| 000 | 00681nam a22001937a 4500 | ||
|---|---|---|---|
| 999 |
_c164291 _d164291 |
||
| 005 | 20190515155832.0 | ||
| 010 | _aUR-10126 | ||
| 020 |
_c250.00 _a9789387829152 |
||
| 035 | _aU-8681 | ||
| 037 | _bDBAD/PUB | ||
| 082 | _aک | ||
| 100 | _aڈ ا کٹر ا نو ر محمد خا ن | ||
| 245 |
_aبھو پا ل کہا نيا ں _cڈ ا کٹر ا نو ر محمد خا ن |
||
| 246 |
_bBhopal Kahaniyan (Urdu) _abyDr. Anwar Mohammad Khan |
||
| 260 |
_a Delhi _bEducational Publishing House _c2018 ء |
||
| 270 |
_a3191،Vakil Street,Kucha Pandit,Lal Kuan, _bDelhi _e110006 _k23216162 _l00911123211540 |
||
| 300 |
_a200ص _c22 Cm.(bk) |
||
| 942 |
_2ddc _cUR _hک _mخ ا ن |
||